| 000 | 00398nam a22001697a 4500 | ||
|---|---|---|---|
| 003 | CEME | ||
| 005 | 20210628205829.0 | ||
| 008 | 210317b xxu||||| |||| 00| 0 eng d | ||
| 040 | _c. | ||
| 082 | _a297.211 ALA | ||
| 100 |
_aAlam Faquri _977176 |
||
| 245 | _aAllah say dosti | ||
| 260 |
_aLAHORE _bSHABIR BROTHERS _c1992 |
||
| 300 | _a431P | ||
| 650 |
_aISLAM-TEACHING _976275 |
||
| 942 |
_cBK _2ddc |
||
| 999 |
_c582490 _d582490 |
||